000 00732nam a2200193 i 4500
001 157530
003 ES-MaACL
005 20240415133202.0
008 990305s1893 sp |||| | spa d
040 _aCCPB | B
_bspa
_cCCPB | B
100 1 _aMera, Juan León.
_980401
245 1 0 _aOjeada Histórico-Crítica sobre la poesía ecuatoriana
_b: desde su época más remota hasta nuestros dias /
_cpor Juan León Mera.
250 _a2ª ed., seguida de nuevos apéndices.
260 _aBarcelona :
_b[s.n.],
_c1893 (
_fImprenta y Litografía de José Cunill Sala)
300 _aX, 11-633 p. ;
_c22 cm.
650 7 _aPoesía ecuatoriana-
_ys.XIX
_2
_9164323
852 _aES-MaACL
_jG-7122
_z-- Enc. tela
999 _c157530
_d157530